000 01851nka a2200361 i 4500
001 102976
003 ES-MaACL
005 20250823043806.0
007 t|
008 051222q1797 sp f | |r||1c|spa d
100 1 _aViel, Pierre,
_d1755-1810
_eegr
_9114577
245 1 0 _aVenus y Adonis
_h[Material gráfico] /
_cPeint par P. Veronese ; Dess. par Ant. Martínez ; Gravé par P. Viel, ci-devant Membre de plusieurs Academies.
260 _a[Madrid] :
_bSe hallará en la Calcografía de la Imprenta Real,
_c[ca. 1797]
300 _a1 estampa :
_bgrabado calcográfico ;
_c493 x 397 mm
490 1 _aColección facticia de grabados ;
_v28
_9184692
500 _aInscripción: "Venus y Adonis, de Pablo Beronés: tiene siete pies y medio de alto, y siete escasos de ancho, se ha trasladado del Real Palacio al Museo de Madrid"
500 _aEstampa que reproduce el cuadro de Veronés conservado en el Museo del Prado
530 _aDisponible en formato digital
650 7 _aVenus (Divinidad romana)
_2embne
_917764
650 7 _aAdonis (Divinidad griega)
_2embne
_99650
655 7 _aGrabados calcográficos
_2tgfbne
_9241761
655 7 _aGrabados
_2tgfbne
_9226846
655 4 _aReproducciones de obras de arte
_9241931
700 0 _aIl Veronese,
_d1528-1588
_eart
_965165
700 0 _aMartínez, Antonio,
_d1750?-1798
_edrm
_977718
710 2 _aCalcografía de la Imprenta Real
_eedt
_9241806
830 0 _aColección facticia de grabados ;
_v28
_9184692
852 4 _aES-MaACL
_cDEPO2
_jGF-2(28)
856 4 _uhttps://bdh-rd.bne.es/viewer.vm?id=0000149672&page=1
_yVersión en línea
_z(Biblioteca Digital Hispánica)
856 4 _uhttps://www.academiacolecciones.com/estampas/inventario.php?id=GR-1488
_yVersión en línea
_z(Real Academia de Bellas Artes de San Fernando)
942 _2udc
_cDIBGRB
_n0
999 _c102976
_d102976